Sulfur: Its Significance for Chemistry, for the Geo-, Bio- and Cosmosphere and Technology

Bibliographic Details
Main Authors: Müller, Achim, Krebs, Bernt.
Format: Section = Libro
Language:Undetermined
Spanish
Published: United Stated Elsevier 1984
Subjects:
LEADER 00633nam a2200217Ia 4500
008 240830s9999 xx 000 0 und d
020 |a 0-444-42355-9 
040 |a CEDOC FIQ-RUSB / 546 M958 vol.5 
041 |a spa 
082 |a 546 M958 vol.5 
100 1 |a Müller, Achim 
100 1 |b Krebs, Bernt. 
245 1 0 |a Sulfur: Its Significance for Chemistry, for the Geo-, Bio- and Cosmosphere and Technology 
260 |a United Stated  |b Elsevier  |c 1984 
300 |a 511 p. :il. 
650 7 |a QUÍMICA INORGÁNICA 
650 7 |b  AZUFRE 
650 7 |c  ÓXIDOS DE AZUFRE HOMOCÍCLICO 
942 |c BK  |2 ddc 
991 |a TEXTO 
999 |c 13920